000 01160nam a22002057a 4500
003 JO-AjAnu
005 20250714095034.0
008 250713b jo ||||| |||| 00| 0 ara d
040 _aJO-AjAnu
_bara
_cJO-AjAnu
_dJO-AjAnu
_erda
041 _aara
_hara
050 _aHF5549
_b2025
100 1 _aالوشاح، عثمان حسن احمد
_eمعد
_966557
245 0 _aدور الإدارة الخضراء في تحسين خدمات الرعاية الصحية في المستشفيات الخاصة الأردنية = The Role of Green Management in Improving Healthcare Services at Private Jordanian Hospitals /
_cاعداد عثمان حسن احمد الوشاح ؛ اشراف امجد فهد نهار الطويقات
260 _c2025
300 _a88 ورقة
504 _aرسالة جامعية(رسالة ماجستير)- جامعة عجلون الوطنية(عجلون، الاردن) - كلية الاعمال، قسم ادارة الاعمال، 2025.
650 7 0 _aادارة الموارد البشرية-مستشفيات-الاردن.
_966558
700 1 _aالطويقات، امجد فهد نهار
_eمعد
_966559
942 _2lcc
_cTHS
_n0
999 _c33923
_d33923